| 000 | 01218cam a2200157 4500500 | ||
|---|---|---|---|
| 005 | 20260222004202.0 | ||
| 041 | _afre | ||
| 042 | _adc | ||
| 100 | 1 | 0 |
_aPaché, Gilles _eauthor |
| 245 | 0 | 0 | _aLogistique et entreprise virtuelle |
| 260 | _c2005. | ||
| 500 | _a39 | ||
| 520 | _aLa pression temporelle au sein des projets de conception de produits industriels ne cesse de croître depuis de nombreuses années. Cette course de vitesse, qui n’épargne pratiquement aucun secteur, n’est pas sans conséquence sur la fiabilité des processus et des produits. Faut-il être plus réactif ou au contraire prendre le temps d’anticiper pour innover? Quelle que soit la réponse, le problème peut être abordé sous l’angle de la vigilance. Définie comme une capacité de perception, d’interprétation et de réponse rapide et fiable face à une situation problématique ou impromptue, la vigilance est une notion qui sert de référence à l’étude des facteurs de rapidité et de fiabilité des projets. | ||
| 786 | 0 | _nRevue française de gestion | 156 | 3 | 2005-06-01 | p. 131-134 | 0338-4551 | |
| 856 | 4 | 1 | _uhttps://shs.cairn.info/revue-francaise-de-gestion-2005-3-page-131?lang=fr&redirect-ssocas=7080 |
| 999 |
_c1668126 _d1668127 |
||